Statistics for 12 Months in 30 Seconds

Click here to take the quiz!

General Stats

  • This quiz has been taken 1,322 times
  • The average score is 10 of 12

Answer Stats

Month% Correct
January
92%
June
92%
July
91%
May
90%
April
89%
March
89%
August
81%
February
81%
September
77%
October
73%
November
71%
December
68%

Score Distribution

Percentile by Number Answered

Percent of People with Each Score

Your Score History

You have not taken this quiz